CACHEW PRODUCTION AND PROCESSING TECHNOLOGY (Record no. 211520)
[ view plain ]
| 000 -LEADER | |
|---|---|
| fixed length control field | 00456nam a22001697a 4500 |
| 008 - FIXED-LENGTH DATA ELEMENTS--GENERAL INFORMATION | |
| fixed length control field | 240819b |||||||| |||| 00| 0 eng d |
| 020 ## - INTERNATIONAL STANDARD BOOK NUMBER | |
| International Standard Book Number | 81:7754-182-X |
| 050 ## - LIBRARY OF CONGRESS CALL NUMBER | |
| Classification number | SB 401.C3M36 2007 |
| 100 ## - MAIN ENTRY--PERSONAL NAME | |
| Personal name | DR. MANDAL R.C |
| 245 ## - TITLE STATEMENT | |
| Title | CACHEW PRODUCTION AND PROCESSING TECHNOLOGY |
| 260 ## - PUBLICATION, DISTRIBUTION, ETC. | |
| Place of publication, distribution, etc. | INDIA |
| Name of publisher, distributor, etc. | AGROBIOS |
| Date of publication, distribution, etc. | 2007 |
| 300 ## - PHYSICAL DESCRIPTION | |
| Extent | X,208 |
| 500 ## - GENERAL NOTE | |
| General note | INCLUDES REFERENCES AND APPENDIX |
| 650 ## - SUBJECT ADDED ENTRY | |
| Topical term or geographic name entry element | Cashew nut. |
| 942 ## - ADDED ENTRY ELEMENTS (KOHA) | |
| Source of classification or shelving scheme | Library of Congress Classification |
| Koha item type | Long Loan Book |
| Withdrawn status | Lost status | Source of classification or shelving scheme | Damaged status | Not for loan | Collection | Home library | Current library | Shelving location | Date acquired | Inventory number | Total checkouts | Full call number | Barcode | Date last seen | Copy number | Price effective from | Koha item type |
|---|---|---|---|---|---|---|---|---|---|---|---|---|---|---|---|---|---|
| Library of Congress Classification | Science & Technology | Kisii University Library | Kisii University Library | On Display | 08/19/2024 | 28682 | SB 401.C3M3 2007 | 036042 | 08/19/2024 | C.1 | 08/19/2024 | Long Loan Book |